Chemistry in context: applying chemistry to society
Furkejuvvon:
| Váldodahkkit: | , , , |
|---|---|
| Materiálatiipa: | Girji |
| Giella: | eaŋgalasgiella |
| Almmustuhtton: |
Boston
McGraw-Hill
2003
|
| Preanttus: | 4a. ed |
| Fáttát: | |
| Fáddágilkorat: |
Lasit fáddágilkoriid
Eai fáddágilkorat, Lasit vuosttaš fáddágilkora!
|
MARC
| LEADER | 00000nam a2200000 a 4500 | ||
|---|---|---|---|
| 001 | UCL6901 | ||
| 003 | CL-VaPUC | ||
| 008 | 040423e20030000US |||||||||||||||||eng|d | ||
| 020 | |a 0072410159 | ||
| 082 | 0 | 4 | |a 540 |b STA |2 21 |
| 100 | 0 | |a Stanitski, Conrad L |e author |9 484582 | |
| 700 | 0 | |a Eubanks, Lucy Pryde |e author |9 484583 | |
| 700 | 0 | |a Middlecamp, Catherine H |e author |9 484584 | |
| 700 | 0 | |a Pienta, Norbert J |e author |9 484585 | |
| 245 | 1 | 0 | |a Chemistry in context: applying chemistry to society |
| 250 | |a 4a. ed | ||
| 300 | |a 568 p | ||
| 942 | |c BK | ||
| 945 | |d 20040423 00:00:00 |a cmena | ||
| 260 | |a Boston |b McGraw-Hill |c 2003 | ||
| 650 | 7 | |a QUIMICA DEL MEDIO AMBIENTE |2 CL-VaPUC |9 306783 | |
| 650 | 0 | |a Bioquímica |9 259492 | |
| 650 | 7 | |a GEOQUIMICA |2 CL-VaPUC |9 306863 | |
| 583 | |a last modification |c 20040423 00:00:00 |k Rodrigo Vera | ||
| 999 | |c 308785 |d 308783 | ||